| 000 | 00756nam a2200229Ia 4500 | ||
|---|---|---|---|
| 001 | 8535 | ||
| 003 | GE_BSU | ||
| 008 | 181216s||||||||xx |||||||||||||| ||und|| | ||
| 040 | _cGE_BSU | ||
| 080 | _a821.353.1-32 | ||
| 100 | _aზედგინიძე,ელიზბარ | ||
| 245 | _aოქროს თუმნიანი | ||
| 245 | _bმოთხრობები | ||
| 245 | _cრედ. გრ. ჩიქოვანი,მხატვ. გ. გორდელაძე. | ||
| 260 | _aთბილისი | ||
| 260 | _bსაბჭოთა მწერალი | ||
| 260 | _c1959 | ||
| 300 | _a362გვ. 17სმ. | ||
| 653 | _aმოთხრობები | ||
| 653 | _aოქროს თუმნიანი | ||
| 942 | _cBK | ||
| 999 |
_c41852 _d41852 |
||